• 首页
  • 本馆介绍
  • 公告通知
  • 最新文献
  • 馆藏检索
  • 电子资源
  • 读者荐购
  • 参考咨询
  • CALIS
  • 我的图书馆
  • 登录
  • 详细信息显示
  • 放入我的书架
  • 预约/预借图书
  • 作者相关作品
  • 分类相关作品
  • 丛书相关作品
  • 出版社相关作品

书目信息

  • 表格格式
  • 工作单格式
  • 卡片格式
书名: The adventures of sherlock holmes
作者: Arthur Conan Doyle
分册号:
分册名:
出版地: Penguin books
 
出版社: Great britain
出版时间: 1994
页数: 302p
开本: 20cm
丛书名:
中图分类号:
科图分类号:
其他分类号: I561.45
主题词:
电子资源:
 
 
 
 
 
000 00413nam0 2200145 450
001 202012195027
005 20121114110021.0
008 20010101s
020    @a978-0-140-62100-6@c$2.00
099    @dI561.45@eA7883
245 10 @aThe adventures of sherlock holmes@cArthur Conan Doyle
260 0  @aPenguin books@bGreat britain@c1994
300    @a302p@c20cm
905    @b11356
905    @aTSG@dI561.45@eA7883
    
    The adventures of sherlock holmes / Arthur Conan Doyle.-Penguin books : Great britain , 1994
    302p ; 20cm
    
    
    ISBN 978-0-140-62100-6$2.00
    
●
相关链接 在E读中查询图书 在当当中查询图书 在豆瓣中查询图书


正题名:The adventures of sherlock holmes     索取号:I561.45/A7883         预约/预借

序号 登录号 条形码 馆藏地/架位号 状态 备注
河南城建学院图书馆 欢迎您!
大连网信软件有限公司© 版权所有